000 00842nam a2200241 i 4500
001 83179
003 ES-MaACL
005 20230906174805.0
007 t|
008 041115s2003 sp ||||1| spa d
020 _a84-481-2156-2
080 _a658.14/.17
100 1 _aBrealey, Richard A.
_9149622
245 1 0 _aPrincipios de finanzas corporativas /
_cRichard A. Brealey, Stewart C. Myers ; revisión técnica Prosper Lamothe Fernández, Juan Mascareñas Pérez-Iñigo.
250 _a[7ª ed.].
260 _aMadrid :
_bMcGraw-Hill, Interamericana de España,
_c[2003]
300 _aXXVII, 759 p. ;
_c27 cm.
650 4 _aSociedades-
_xFinanzas.
_9149623
700 0 _aMyers, Stewart C.
_984757
700 1 _aLamothe Fernández, Prosper.
_9149624
700 1 _aMascareñas Pérez-Íñigo, Juan.
_9149625
852 _aES-MaACL
_jL-5073
999 _c83179
_d83179